| 000 | 01017nam a22002657a 4500 | ||
|---|---|---|---|
| 005 | 20170704110248.0 | ||
| 010 | _aBAC-EN21 ENG-111736 | ||
| 020 |
_a9788121940016 _c350.00 |
||
| 020 |
_a812194001x _c350.00 |
||
| 020 |
_a9788121940016 _c350.00 (AV) |
||
| 035 | _aEN-95268 | ||
| 035 | _aB-668071 | ||
| 037 |
_adpl _bTechniz/Ven |
||
| 037 | _aDBAD/PUB | ||
| 082 | _a659.1 | ||
| 100 | _aGupta, Ruchi | ||
| 245 |
_aAdvertising principles and practice : _cby Ruchi Gupta _bfor students of B.Com.....professional courses / |
||
| 260 |
_aNew Delhi _bS.Chand _c2012 |
||
| 270 |
_a7361, Ram Nagar _bNew Delhi _e110055 |
||
| 300 |
_axi,402p.: _bill. _c24cm(pbk) |
||
| 500 | _aSupply received revised price Rs.350.00 | ||
| 942 |
_2ddc _cEN _mGUP _h659.1 |
||
| 999 |
_c88896 _d88896 |
||